[Event "Innsbruck op-B 1st"]
[Site "Innsbruck"]
[Date "2017.08.31"]
[Round "7"]
[White "Janes, Christian"]
[Black "Matt, Jakob"]
[Result "1-0"]
[WhiteElo "1749"]
[BlackElo "1668"]
[PlyCount "67"]
[EventDate "2017.08.25"]
[EventType "swiss"]
[EventRounds "9"]
[EventCountry "AUT"]
[SourceTitle "CBM 180 Extra"]
[Source "ChessBase"]
[SourceDate "2017.10.06"]
[SourceVersion "1"]
[SourceVersionDate "2017.10.06"]
[SourceQuality "1"]

1. e4 d6 2. Nf3 Nf6 3. Nc3 g6 4. d4 c6 5. Bd3 Bg7 6. Bg5 Nbd7 7. e5 dxe5 8. dxe5 Ng4 9. e6 fxe6 10. Nh4 Nde5 11. 0-0 0-0 12. Be2 Qxd1 13. Raxd1 Bf6 14. Nf3 Nxf3+ 15. gxf3 Nxh2 16. Bxf6 Nxf1 17. Bxe7 Rf7 18. Bc4 Rf5 19. Ne4 b6 20. Bb4 a5 21. Bc3 Ba6 22. Bxa6 Rxa6 23. Rd8+ Kf7 24. Kxf1 Rxf3 25. Ng5+ Ke7 26. Rh8 Rf5 27. Rxh7+ Kd6 28. Nf7+ Kd5 29. Nh8 b5 30. Nxg6 b4 31. Ne7+ Ke4 32. Nxf5 bxc3 33. Ng3+ Kd4 34. Rh4+ 1-0

[Event "Innsbruck op-B 1st"]
[Site "Innsbruck"]
[Date "2017.08.30"]
[Round "6"]
[White "Matt, Jakob"]
[Black "Egle, Helmut"]
[Result "0-1"]
[WhiteElo "1668"]
[BlackElo "1857"]
[PlyCount "96"]
[EventDate "2017.08.25"]
[EventType "swiss"]
[EventRounds "9"]
[EventCountry "AUT"]
[SourceTitle "CBM 180 Extra"]
[Source "ChessBase"]
[SourceDate "2017.10.06"]
[SourceVersion "1"]
[SourceVersionDate "2017.10.06"]
[SourceQuality "1"]

1. d4 e6 2. Nc3 d5 3. f3 Bb4 4. a3 Ba5 5. b4 Bb6 6. Na4 Qh4+ 7. g3 Qxd4 8. Qxd4 Bxd4 9. Bb2 Bxb2 10. Nxb2 Nf6 11. Bg2 0-0 12. Nh3 c6 13. 0-0 e5 14. Nf2 Nbd7 15. Rad1 a5 16. Nbd3 axb4 17. axb4 Ra2 18. Rc1 Re8 19. e4 dxe4 20. fxe4 b6 21. Nd1 Ra3 22. Ne3 Ba6 23. Rfd1 Rc3 24. Nf5 g6 25. Nd6 Re6 26. Nb2 Ra3 27. Bh3 Re7 28. c4 Rb3 29. Nd3 Nb8 30. b5 cxb5 31. cxb5 Bb7 32. Nxb7 Rxb7 33. Nxe5 Rxb5 34. Rd8+ Kg7 35. Bc8 Ra7 36. Nc6 Nxc6 37. Rxc6 Nxe4 38. Bd7 Rb1+ 39. Kg2 Ra2+ 40. Kf3 Nf6 41. Bc8 Rb3+ 42. Kf4 Ra4+ 43. Ke5 Rb5+ 44. Kd6 Ra7 45. Rc7 Rd5+ 46. Kc6 Rxd8 47. Rxa7 Rxc8+ 48. Kxb6 Rc2 0-1

[Event "Innsbruck op-B 1st"]
[Site "Innsbruck"]
[Date "2017.08.28"]
[Round "3"]
[White "Schwarz, Benedikt"]
[Black "Matt, Jakob"]
[Result "1-0"]
[WhiteElo "1570"]
[BlackElo "1668"]
[PlyCount "47"]
[EventDate "2017.08.25"]
[EventType "swiss"]
[EventRounds "9"]
[EventCountry "AUT"]
[SourceTitle "CBM 180 Extra"]
[Source "ChessBase"]
[SourceDate "2017.10.06"]
[SourceVersion "1"]
[SourceVersionDate "2017.10.06"]
[SourceQuality "1"]

1. d4 Nf6 2. Bf4 d6 3. Nc3 g6 4. Qd2 Bg7 5. e4 0-0 6. 0-0-0 c6 7. Bd3 Nbd7 8. Nf3 b5 9. Bh6 b4 10. Ne2 e5 11. Bxg7 Kxg7 12. h3 exd4 13. Nfxd4 c5 14. Nb5 Qb6 15. Bc4 Nxe4 16. Qf4 Ndf6 17. Nxd6 g5 18. Qe5 Qb8 19. f3 Nf2 20. Qxg5+ Kh8 21. Qxf6+ Kg8 22. Qg5+ Kh8 23. Nxf7+ Rxf7 24. Rd8+ 1-0